Central Library, Doon University
WEBOPAC (ONLINE PUBLIC ACCESS CATALOGUE)

Money Banking International Trade and Public Finance (Record no. 61007)

MARC details
000 -LEADER
fixed length control field 00493nam a22001937a 4500
005 - DATE & TIME
control field 20260604125432.0
008 - FIXED-LENGTH DATA ELEMENTS--GENERAL INFORMATION
fixed length control field 260604b |||||||| |||| 00| 0 eng d
020 ## - ISBN
International Standard Book Number 9789355966773
Price 1175.00
040 ## - CATALOGING SOURCE
Original cataloging agency Doon University
041 ## - Language
Language English
082 ## - DDC NUMBER
Classification number 336
Book Number MIT
100 ## - MAIN ENTRY--PERSONAL NAME
Personal name Mithani, D.M.
245 ## - TITLE STATEMENT
Title Money Banking International Trade and Public Finance
250 ## - EDITION STATEMENT
Edition statement 22
260 ## - PUBLICATION, DISTRIBUTION, ETC. (IMPRINT)
Place of publication, distribution, etc Mumbai
Name of publisher, distributor, etc Himalaya
Date of publication, distribution, etc 2025
300 ## - PHYSICAL DESCRIPTION
Pages 736
650 ## - Subject
Subject Economics (PM USHA)
942 ## - ADDED ENTRY ELEMENTS (KOHA)
Koha item type Books
100 ## - MAIN ENTRY--PERSONAL NAME
-- 8707
650 ## - Subject
-- 26774
952 ## - LOCATION AND ITEM INFORMATION (KOHA)
-- 2026-06-04
952 ## - LOCATION AND ITEM INFORMATION (KOHA)
-- 2026-06-04
952 ## - LOCATION AND ITEM INFORMATION (KOHA)
-- 2026-06-04
952 ## - LOCATION AND ITEM INFORMATION (KOHA)
-- 2026-06-04
952 ## - LOCATION AND ITEM INFORMATION (KOHA)
-- 2026-06-04
Holdings
Withdrawn status Lost status Source of classification or shelving scheme Damaged status Not for loan Location (home branch) Sublocation or collection (holding branch) Date acquired Koha full call number Accession No. Koha date last seen Koha item type Koha issues (times borrowed)
        Not For Loan Doon University Doon University 04.06.2026 336 MIT 34536 04.06.2026 Reference  
          Doon University Doon University 04.06.2026 336 MIT 34537 04.06.2026 Books  
          Doon University Doon University 04.06.2026 336 MIT 34538 04.06.2026 Books  
          Doon University Doon University 04.06.2026 336 MIT 34539 04.06.2026 Books  
          Doon University Doon University 04.06.2026 336 MIT 34540 04.06.2026 Books  
Contact : +91-135-2533126 (Library),+91-135-2533105 (Admin Office) , Email : doonlibrary@gmail.com

Powered by Koha